Travessia de Verão (Registo nº 1370)

Detalhes MARC
000 -Etiqueta do registo
Cabeçalho 00965nam a2200325 4500
005 - Identificador da versão
Campo de controlo 20240813121834.0
010 ## - Número internacional normalizado dos livros (ISBN)
Número (ISBN) 9789722031875
021 ## - Número do Depósito Legal
Código do país PT
Número 268222/07
035 ## - Other System Control Numbers
System Control Number (bn)1710056
System Control Number 2231692
100 ## - Dados gerais de processamento
Dados gerais de processamento 20090424d2007 m y0pory5003 ba
102 ## - Pais de publicação ou produção
País de publicação Portugal
101 1# - Língua de publicação
Língua do texto, banda sonora, etc.
Língua do documento no original Inglês
106 ## - Campo de dados codificados: material textual
Dados codificados do material textual r
105 ## - Campo de dados codificados: livros
Dados codificados dos livros y z 000ay
215 ## - Descrição física 
Indicação específica da natureza do documento e extensão da espécie 130, [5] p.
Dimensões 24 cm
200 1# - Titulo e menção de responsabilidade
Título próprio Travessia de Verão
Informação de outro título romance
Primeira menção de responsabilidade Truman Capote
Outras menções de responsabilidade trad. Manuel Cintra
-- rev. de trad. Maria João Freire de Andrade
225 2# - Colecção 
Título próprio da colecção Ficção universal
205 ## - Menção da edição
Menção da edição 2a ed
210 ## - Publicação, Distribuição, etc. 
Lugar da edição, distribuição, etc. Lisboa
Nome do editor, distribuidor, etc. Dom Quixote
Data da publicação, distribuição, etc. 2007
305 ## - Notas relativas à edição e história bibliográfica da publicação 
Texto da nota Tít. orig.: Summer crossing
675 ## - Classificação Decimal Universal (CDU)
Notação 821.111(73)-31"19"
Edição BN
Língua da edição por
702 #1 - Nome de autor-pessoa física (responsabilidade secundária)
Número de registo de entrada de autoridade 0001930
Palavra de ordem Andrade
Outra parte do nome não tomada para palavra de ordem Maria João Freire de
Datas 1966-
Código de função Autor de recensão / Crítico
Número de registo de entrada de autoridade 0001931
Palavra de ordem Sintra
Outra parte do nome não tomada para palavra de ordem Manuel
Datas 1956-
Código de função Tradutor
700 #1 - Nome de autor-pessoa física (responsabilidade principal)
Número de registo de entrada de autoridade 0001929
Palavra de ordem Capote
Outra parte do nome não tomada para palavra de ordem Truman
Datas 1924-1984
966 ## - Identificação da Biblioteca
Sigla NUMETECA
942 ## - Elementos de entrada adicionados (Koha)
Tipo de item no Koha Livro
Exemplares
Situação do levantamento Origin of item (home branch) (coded) Biblioteca de empréstimo Código de barras Cota Circulation type (not for loan) Tipo de documento Nota do exemplar Damaged status
  Biblioteca Escolar Eng. Nuno Mergulhão Biblioteca Escolar Eng. Nuno Mergulhão BENM3286 | 2007 82-3 CAP   Livro Sem mensagem